000 01060nam0a22002531 4500
001 rc\621017
005 20250621185000.0
035 _a(NLR Aleph) 005863955
090 _a5908149
_c5908149
100 _a20031121d1986 |||y0rusy50 ca
101 0 _arus
102 _aRU
105 _aa |||||||||
200 1 _aВЕРТИКАЛЬНОЕ распределение ионизации над Софией за летний период высокой солнечной активности
_fН.П. Бенькова, Н.А. Коченова, Ю.В. Кушнеревский и др.
210 _aМ.
_cИЗМИРАН
_d1986
215 _a15 с.
_cил.
_d21
225 1 _aПрепринт
_fАН СССР, Ин-т зем. магнетизма, ионосферы и распространения радиоволн
_v№ 28 (642)
320 _aБиблиогр.: с. 7-8
701 1 _aБенькова
_bН.П.
_gНаталья Павловна
801 0 _aRU
_bNLR
_gpsbo
801 1 _aRU
_bELAR
_2rusmarc
852 _aNLR
_j87-4/17433
942 _cBOOK
980 _aNB